Statistiques concernant đź“–âś’ Paroles "Ă€ l'aube" Maurice Rollinat

Cliquez ici pour prendre le quiz!

Statistiques générales

  • Ce quiz a Ă©tĂ© pris 7 fois
  • Le rĂ©sultat moyen est 33 sur 63

Statistiques - réponses

Mots% Correct
Ă 
100%
au
100%
l'
100%
la
100%
La
100%
le
100%
Le
100%
Avec
75%
du
75%
et
75%
Et
75%
par
75%
s'
75%
Sa
75%
se
75%
Se
75%
aurore
50%
bonne
50%
ciel
50%
Ă©norme
50%
heure
50%
lumière
50%
nature
50%
ombre
50%
puis,
50%
souffle
50%
toute
50%
vent,
50%
Brûlé
25%
caillé,
25%
endort
25%
Extasié,
25%
Hâlé,
25%
Irradiant
25%
laver
25%
levant,
25%
mélancolique
25%
mort
25%
murmurant
25%
nocturne,
25%
pauvre
25%
paysage
25%
peinture
25%
Pleure
25%
pour
25%
poussière,
25%
propre
25%
rafraîchit ;
25%
ranime
25%
recroquevillé,
25%
resurgit
25%
rĂŞve
25%
sali
25%
-Stupéfait,
25%
taciturne,
25%
rosée,
0%

Distribution des résultats

Percentile par nombre de réponses

% des personnes avec chaque résultat

Votre développement - résultats

Vous n’avez pas pris ce quiz